Pollen et spores /

Saved in:
Bibliographic Details
Corporate Author: Muséum national d'histoire naturelle (France)
Format: Journal
Language:English
Published: Paris : Éditions du Muséum.
Subjects:
LEADER 03608nas a22007211a 4500
001 c000184018
003 CARM
005 20181129095326.0
008 740308d19591989fr qrzp 0 b0eng
010 |a 67039786 
019 1 |a 1917880  |z 934310  |5 LACONCORD2021 
022 0 |a 0375-9636 
030 |a POSPAQ 
035 |a (OCoLC)825130  |5 LACONCORD2021 
040 |a LC  |b eng  |c LC 
041 0 |a engfreger 
042 |a lc  |a nsdp 
050 0 0 |a QK1.P3  |b A26 
050 4 |a QK658  |b .P66 
070 0 |a 450  |b P762 
072 0 |a F400 
082 0 4 |a 561.1305  |2 20 
210 0 |a Pollen spores 
222 0 |a Pollen et spores 
245 0 0 |a Pollen et spores /  |c Muséum national d'histoire naturelle. 
260 |a Paris :  |b Éditions du Muséum. 
300 |a 31 v. :  |b ill. ;  |c 25 cm. 
310 |a Quarterly,  |b 1970- 
321 |a Semiannual,  |b 1959-64 
321 |a 3 no. a year,  |b 1965-69 
362 0 |a Vol. 1, n⁰ 1 (mai 1959)-v. 31, n⁰ 3/4 (1989) 
510 2 |a Biological abstracts  |x 0006-3169 
510 2 |a GeoRef  |x 0197-7482 
510 0 |a Bibliography of agriculture  |x 0006-1530 
525 |a Bibliographical supplement published as: 1960-73 Bibliographie (with each issue 1960-64; with each vol. 1965-73); Bibliographie palynologie 1981- (with every second vol.) 
546 |a Chiefly in English or French; some articles in German. 
550 |a Issued by Muséum national d'histoire naturelle. 
555 |a Vols. 1-10, 1959-1968. 1 v. 
580 |a In 1959 Palynologie (1956-1959) became a supplement although its publication remained separate that year before being integrated as Bibliographie (1960-1973). Bibliographie palynologie was a separate annual supplement from 1974 to 1980. 
650 0 |a Palynology  |v Periodicals. 
710 2 |a Muséum national d'histoire naturelle (France) 
770 1 |t Palynologie 
770 1 |t Bibliographie palynologie  |x 0249-762X 
852 8 |b CARM  |h A2:AM38G0  |i C06709  |p 0256715  |j 6(1964)-15(1973)+suppls.  |f SE 
852 8 |b CARM  |h A2:AM38G0  |i C06711  |p 0256716  |j 16(1974)-25(1983)+suppls.  |f SE 
852 8 |b CARM  |h A2:AM38G0  |i C06710  |p 0256717  |j 26(1984)-29(1987)+suppls.  |f SE 
852 8 |b CARM  |i C13281  |p 0649509  |j 30(1988)  |f SE 
852 8 |b CARM  |i C13287  |p 0649508  |j 31(1989)  |f SE 
852 8 |b CARM  |h A2:AN22G0  |i C06759  |p 0256728  |j 1(1959)-5(1963)+suppls.+index  |f SE 
852 8 |b SCAN  |h A3:AP25F0  |i C13281  |p 0649509  |f SE 
852 8 |b SCAN  |h A3:AP25F0  |i C13287  |p 0649508  |f SE 
852 8 |b SCAN  |h A3:AP25F0  |i C13281  |p 0649509  |f SE 
852 8 |b SCAN  |h A3:AP25F0  |i C13287  |p 0649508  |f SE 
866 0 |a 1(1959)-31(1989) +suppls.+index 
999 f f |i e88f68c4-bb18-514b-b392-7aa79f01d2df  |s 64bdfb8e-5170-5933-aa9a-f0a496ca3c35 
952 f f |p Can circulate  |a CAVAL  |b CAVAL  |c CAVAL  |d CARM 1 Store  |e C13281  |h Other scheme  |i book  |k 30(1988)  |m 0649509 
952 f f |p Can circulate  |a CAVAL  |b CAVAL  |c CAVAL  |d CARM 1 Store  |e C06759  |f A2:AN22G0  |h Other scheme  |i book  |k 1(1959)-5(1963)+suppls.+index  |m 0256728 
952 f f |p Can circulate  |a CAVAL  |b CAVAL  |c CAVAL  |d CARM 1 Store  |e C13287  |h Other scheme  |i book  |k 31(1989)  |m 0649508 
952 f f |p Can circulate  |a CAVAL  |b CAVAL  |c CAVAL  |d CARM 1 Store  |e C06710  |f A2:AM38G0  |h Other scheme  |i book  |k 26(1984)-29(1987)+suppls.  |m 0256717 
952 f f |p Can circulate  |a CAVAL  |b CAVAL  |c CAVAL  |d CARM 1 Store  |e C06709  |f A2:AM38G0  |h Other scheme  |i book  |k 6(1964)-15(1973)+suppls.  |m 0256715 
952 f f |p Can circulate  |a CAVAL  |b CAVAL  |c CAVAL  |d CARM 1 Store  |e C06711  |f A2:AM38G0  |h Other scheme  |i book  |k 16(1974)-25(1983)+suppls.  |m 0256716 
952 f f |a CAVAL  |b CAVAL  |c CAVAL  |d Unmapped Location  |e C13287  |f A3:AP25F0  |h Other scheme 
952 f f |a CAVAL  |b CAVAL  |c CAVAL  |d Unmapped Location  |e C13281  |f A3:AP25F0  |h Other scheme